Statistiques concernant Les featurings de Tiakola

Cliquez ici pour prendre le quiz!

Statistiques générales

  • Ce quiz a été pris 252 fois
  • Le résultat moyen est 20 sur 38

Statistiques - réponses

DépartementArtistesSons% Correct
93GazoKASSAV (2021), Mode AV (2022), FLEURS (2022), LA MELO EST GANGX (2023)
98%
91NiskaJournée (2021), Joe Pesci (2021), Mode AV (2022)
96%
BELHamzaAtasanté (2022), Atasanté Part.2 (2023)
92%
UKDaveMeridian (2023), Special (2023)
91%
94RskoGasolina (2022), Palavé (2022), Bosseur (2022), God Bless (2023)
88%
93DadjuDieu merci (2020)
87%
92
SDM
Roro (2022), Redescends (2022)
86%
91ZolaTOUTE LA JOURNÉE (2023)
85%
75LetoKiffe la mode (2019), Biberon (2020), Mapessa (2021), God Bless (2023)
84%
13TaycP A S C O M M E Ç A (2021)
79%
75MHDPololo (2021)
77%
93Aya NakamuraCadeau (2023)
72%
91MigQuand j'y repense (2022)
69%
13JulMiné sur Paname (2023)
62%
93MaesMardi gras (2021)
62%
75FranglishBiberon (2020)
59%
91RonisiaComme moi (2021)
59%
UnknownLa Fève500 (2023)
51%
93DinosPrends mes lovés (2021)
47%
60NazaKiffe la mode (2021)
47%
75S.Pri NoirBonsoir Paris (2023)
47%
93WerenoiTout seul (2023)
46%
93PrototypeSnake #3 (2019), Bob Marley (2020), Cocaina (2021)
45%
91Gambino LaMGReste-là (2022)
44%
45DossehPlus belle la vie, plus belle la mort (2022)
43%
93ZedMe sauver (2022)
39%
13AlonzoAmi ou ennemi (2021)
37%
UnknownJoé Dwèt FiléDélire (2023)
35%
93Liim'sMme Caroline (2019), Mood (2020), Cocaina (2021)
35%
UnknownIkaz BoiBALLE DANS LE COEUR (2023)
32%
94Chily2,3 coups de fils (2021), Où sont mes amis ? (2022)
25%
UnknownBU$HIPrès du cœur (2022)
23%
UnknownJEY BROWNIECadenacer (2023)
20%
93BnéCapi (2022)
18%
94CincoCapi (2022)
18%
UnknownThéodoreM3 (2022)
15%
UnknownFLEM KGBCadenacer (2023)
8%
UnknownHache-PDEVANT LE NINE (2022)
7%

Distribution des résultats

Percentile par nombre de réponses

% des personnes avec chaque résultat

Votre développement - résultats

Vous n’avez pas pris ce quiz